Dealing with difficult people

Bibliographic Details
Main Author: Osborne, Christina
Corporate Author: Title
Format: Book
Published: London : Dorling Kindersley , 2001
Series:Essential managers
Subjects:

MARC

LEADER 00000cam a2200000 7i4500
001 0000012418
005 20071214.0
008 071214
020 |a 0751312894 
090 0 0 |a 158.26   |b OSB 
100 1 |a Osborne, Christina 
245 1 0 |a Dealing with difficult people   |c Christina Osborne 
260 |a London :   |b Dorling Kindersley ,   |c 2001 
440 |a Essential managers 
650 0 |a English fiction 
650 0 |a Interpersonal communication 
650 0 |a Work   |x Psychological aspects 
710 0 |a Title 
999 |a 0001003805   |b Book   |c Adult Collection   |e Perbadanan Perpustakaan Awam Johor